| 000 | 00372nam a2200169Ia 4500 | ||
|---|---|---|---|
| 001 | 7040 | ||
| 005 | 20250626030140.0 | ||
| 008 | 211022s9999 xx 000 0 und d | ||
| 082 | _a751.4 LAI | ||
| 100 | _aLaidman, Hugh | ||
| 245 | 0 | _aHow to make abstract paintings | |
| 260 | _aLondon | ||
| 260 | _bThames and Hudson | ||
| 260 | _c1961 | ||
| 300 | _a136 | ||
| 942 | _cBK | ||
| 999 |
_c7471 _d7471 |
||